000 00675nam a22001937a 4500
005 20100809133757.0
010 _aENG-99097
020 _c160.00
035 _aEN-82629
037 _bDBAD/PUB
082 _a597.96
100 _aMajumdar, Dayal Bandhu
_910102
245 _a(Fifty thousand) 50000 deaths and a snake bite fanatic/
_cby Dayal Bandhu Majumdar
260 _aTitagarh
_bSoft Point
_c2009
270 _a51,Station Road
_bKolkata
_e700119
300 _a120p.:
_bill
_c22cm (pbk)
942 _2ddc
_cEN
_h597.96
_mMAJ
999 _c40351
_d40351